Darubiini ya Isimujamii kwa shule na vyuo (Record no. 1481)
| 000 -LEADER | |
|---|---|
| fixed length control field | 00553nam a22001937a 4500 |
| 003 - CONTROL NUMBER IDENTIFIER | |
| control field | OSt |
| 005 - DATE AND TIME OF LATEST TRANSACTION | |
| control field | 20150204095138.0 |
| 008 - FIXED-LENGTH DATA ELEMENTS--GENERAL INFORMATION | |
| fixed length control field | 150204b xxu||||| |||| 00| 0 eng d |
| 020 ## - INTERNATIONAL STANDARD BOOK NUMBER | |
| International Standard Book Number | 9789966471536 |
| 050 ## - LIBRARY OF CONGRESS CALL NUMBER | |
| Classification number | P40.45H33 2010 |
| 100 ## - MAIN ENTRY--PERSONAL NAME | |
| Personal name | Habwe, John |
| 245 ## - TITLE STATEMENT | |
| Title | Darubiini ya Isimujamii kwa shule na vyuo |
| Statement of responsibility, etc | John Habwe, Assumpta Matei & Jacktone Nyonje |
| 260 ## - PUBLICATION, DISTRIBUTION, ETC. (IMPRINT) | |
| Place of publication, distribution, etc | Nairobi |
| Name of publisher, distributor, etc | Phoenix Publishers |
| Date of publication, distribution, etc | 2010 |
| 300 ## - PHYSICAL DESCRIPTION | |
| Extent | 192p. |
| 650 ## - SUBJECT ADDED ENTRY--TOPICAL TERM | |
| Topical term or geographic name as entry element | Swahili language |
| General subdivision | Social aspects |
| 700 ## - ADDED ENTRY--PERSONAL NAME | |
| Personal name | Matei, Assumpta |
| 700 ## - ADDED ENTRY--PERSONAL NAME | |
| Personal name | Nyonje, Jackton |
| 942 ## - ADDED ENTRY ELEMENTS (KOHA) | |
| Source of classification or shelving scheme | |
| Koha item type | Book |
| Withdrawn status | Lost status | Source of classification or shelving scheme | Damaged status | Not for loan | Home library | Current library | Shelving location | Date acquired | Total Checkouts | Total Renewals | Full call number | Barcode | Date last seen | Date checked out | Copy number | Price effective from | Koha item type |
|---|---|---|---|---|---|---|---|---|---|---|---|---|---|---|---|---|---|
| Riara University Library | Riara University Library | General stack | 04/02/2015 | 4 | 2 | P40.45H33 2010 | 5260/15 | 11/03/2017 | 22/02/2017 | C.1 | 04/02/2015 | Book |
